Illit Quiz ! - Statistics

General Stats
  • This quiz has been taken 445 times
    431 since last reset
  • The average score is 10 of 15
Answer Stats
Question Answer % Correct
What survival show did they participate in? R U Next?
95%
Who is the youngest member? Iroha
92%
Who is in the japanese line? Moka, Iroha
92%
What is the fandom name? Glitt
90%
What is their name of their debut mini album? Super real me
87%
When did they debut? March 24th 2024
84%
Who is the dance machine in the group? Iroha
79%
Who debuted in 1st? Wonhee
69%
Which member will be starring as an MC on Music Core? Minju
62%
Which member danced to drunk-dazed on the floor in front of enhypen? Yunah
52%
Which members had to sit in performances? (seperately) moka, wonhee
47%
What song did they sing with the one and only JYP? When we Disco
42%
How long did it take to get their first win? 9 days
37%
Which member was praised for her performance with JYP? Moka
35%
How long did Wonhee train for before joining the survival show? 1 month
24%
No matching quizzes found
Score Distribution
Percent of People with Each Score
Percentile by Number Answered
Your Score History
You have not taken this quiz since the last reset